És tu a primavera? (Registo nº 2095)

Detalhes MARC
000 -Etiqueta do registo
Cabeçalho 00871nam a22002891 4500
005 - Identificador da versão
Campo de controlo 20240813121924.0
010 ## - Número internacional normalizado dos livros (ISBN)
Número (ISBN) 9722618768
100 ## - Dados gerais de processamento
Dados gerais de processamento 20020311d2000 c y0pory5003 ba
102 ## - Pais de publicação ou produção
País de publicação Portugal
101 1# - Língua de publicação
Língua do texto, banda sonora, etc. Português
Língua do documento no original Inglês
106 ## - Campo de dados codificados: material textual
Dados codificados do material textual r
105 ## - Campo de dados codificados: livros
Dados codificados dos livros a z 000fy
215 ## - Descrição física 
Indicação específica da natureza do documento e extensão da espécie [26] p.
Outras indicações físicas todo il.
Dimensões 26 cm
200 1# - Titulo e menção de responsabilidade
Título próprio És tu a primavera?
Primeira menção de responsabilidade texto de Caroline Pitcher
Outras menções de responsabilidade il. Cliff Wright
-- trad. Marlene Campos
225 2# - Colecção 
Título próprio da colecção Histórias para partilhar
Indicação de volume 4
210 ## - Publicação, Distribuição, etc. 
Lugar da edição, distribuição, etc. Porto
Nome do editor, distribuidor, etc. Civilização
Data da publicação, distribuição, etc. cop. 2000
304 ## - Notas relativas a título e menção de responsabilidade 
Texto da nota Tít. orig.: Are you Spring?
606 ## - Nome comum usado como assunto
Número de registo de entrada de autoridade 0000001
Palavra de ordem Literatura estrangeira infantil
Subdivisão de assunto Conto
675 ## - Classificação Decimal Universal (CDU)
Notação 82-34
Edição
Língua da edição por
702 #1 - Nome de autor-pessoa física (responsabilidade secundária)
Número de registo de entrada de autoridade 0000750
Palavra de ordem Campos
Outra parte do nome não tomada para palavra de ordem Marlene
Código de função Tradutor
701 #1 - Nome de autor-pessoa física (co-responsabilidade principal)
Palavra de ordem Wright
Outra parte do nome não tomada para palavra de ordem Cliff
Código de função Ilustrador / Técnico de desenho computorizado
700 #1 - Nome de autor-pessoa física (responsabilidade principal)
Número de registo de entrada de autoridade 0000844
Palavra de ordem Pitcher
Outra parte do nome não tomada para palavra de ordem Caroline
942 ## - Elementos de entrada adicionados (Koha)
Tipo de item no Koha Livro
Exemplares
Situação do levantamento Origin of item (home branch) (coded) Biblioteca de empréstimo Código de barras Cota Circulation type (not for loan) Tipo de documento Nota do exemplar Damaged status
  Biblioteca Escolar da Coca Maravilhas Biblioteca Escolar da Coca Maravilhas BECM5731/02 8EST PIT   Livro Sem mensagem